La vida de Lazarillo de Tormes : (Registro nro. 13261)

Detalles MARC
000 -LIDER
fixed length control field 00917nam a22002897a 4500
003 - IDENTIFICACDOR DE NÚMERO DE CONTROL
control field DO-SdBNP
005 - DATE AND TIME OF LATEST TRANSACTION
control field 20180205103949.0
008 - ELEMENTOS DE LONGITUD FIJA
fixed length control field 180205b 1981 sp |||| 00| 0 spa d
020 ## - ISBN
International Standard Book Number 8437600704
040 ## - FUENTE DE CATALOGACIÓN
Agencia que crea de manera original el registro BPMSU
Idioma de catalogación spa
Agencia que realiza la transcripción BPMSU
082 #4 - NÚMERO DE CLASIFICACIÓN DECIMAL DE DEWEY
Classification number 863.3
Item number L431t
245 00 - MENCIÓN DE TITULO
Título La vida de Lazarillo de Tormes :
Mención de responsabilidad edición Joseph V. Ricapito
Subtítulo y de sus fortunas y adversidades /
250 ## - MENCIÓN DE EDICION
Mención de edición 9a. ed.
260 ## - PUBLICACIÓN, DISTRIBUCIÓN, ETC. (PIE DE IMPRENTA)
Lugar de publicación, distribución, etc Madrid :
Nombre del editor, distribuidor, etc. Cátedra,
Fecha de publicación, distribución, etc 1981.
300 ## - DESCRIPCIÓN FÍSICA
Extensión 205 p.:
Dimensiones 19 cm.
490 0# - MENCIÓN DE SERIES
Mención de serie Letras Hispánicas
Volume/sequential designation 44
505 0# - NOTA DE CONTENIDO
Título Tratado primero. Cuenta Lázaro su vida, y de cuyo hijo fué --
650 #4 - ENCABEZAMIENTO DE MATERIA--TEMÁTICO
Término temático o nombre geográfico como elemento de entrada NOVELA ESPAÑOLA
650 #4 - ENCABEZAMIENTO DE MATERIA--TEMÁTICO
Término temático o nombre geográfico como elemento de entrada LITERATURA PICARESCA
650 #4 - ENCABEZAMIENTO DE MATERIA--TEMÁTICO
Término temático o nombre geográfico como elemento de entrada LITERATURA ESPAÑOLA
700 ## - ASIENTO SECUNDARIO -- NOMBRE PERSONAL
Nombre personal Ricapito, Joseph V.
Mención de responsabilidad ed.
700 ## - ASIENTO SECUNDARIO -- NOMBRE PERSONAL
Nombre personal Hortencia Lacau, María
Mención de responsabilidad ed.
830 #0 - ASIENTO SECUNDARIO DE SERIE--TÍTULO UNIFORME
Título uniforme Letras Hispánicas
Número de la parte o sección de una obra 44
942 ## - ADDED ENTRY ELEMENTS (KOHA)
Source of classification or shelving scheme Dewey Decimal Classification
Koha item type Libros
945 ## - INFORMACIÓN DE PROCESAMIENTO LOCAL
Información de procesamiento local Inventariado, 2018/ YL
956 ## - LOCAL ELECTRONIC LOCATION AND ACCESS (OCLC)
Nombre de host YLOCKWARD
Número de acceso 10
Información de compresión BPMSU
Existencias
Withdrawn status Lost status Source of classification or shelving scheme Damaged status Not for loan Collection code Home library Current library Date acquired Source of acquisition Total Checkouts Full call number Barcode Date last seen Price effective from Koha item type
    Dewey Decimal Classification     Colección Juvenil General Biblioteca Pública Metropolitana Salomé Ureña Biblioteca Pública Metropolitana Salomé Ureña 02/05/2018 FUNDI   BPMSU CG 863.3 L431t 2002 BPMSU18020052 02/05/2018 02/05/2018 Libros